| 000 | 00928nam a22002537a 4500 | ||
|---|---|---|---|
| 999 |
_c20859 _d20859 |
||
| 003 | AR-CdUCM | ||
| 008 | 190402b ||||| |||| 00| 0 spa d | ||
| 040 |
_aMUNICIPALIDAD PROVINCIAL DEL CUSCO _cBIBLIOTECA MUNICIPAL DEL CUSCO |
||
| 082 |
_aEP / 036.083 / _bE53 |
||
| 100 |
_aDietrich, Fred _943549 |
||
| 245 |
_a20.000 años de locomoción : _bEtapas históricas de la lucha por la velocidad / |
||
| 260 |
_bDaimon, _aBarcelona : _c1962. |
||
| 300 |
_bIlustraciones, _c25 cm. _a93 páginas ; |
||
| 440 |
_aLos cuentos de fabulin _943548 |
||
| 505 | _aContenidos :Ruedas y velas -- El ferrocarril -- Camino, ruedas y motores -- Por encima de las nubes... | ||
| 650 |
_aEducación primaria _91561 |
||
| 650 |
_aHistoria _9136 |
||
| 650 |
_aAstronáutica _925413 |
||
| 650 |
_aEvolución tecnológica _943550 |
||
| 700 |
_aGodo, Carlos _943551 |
||
| 700 |
_aMascaró, Ernesto _927958 |
||
| 942 |
_2ddc _cLIBROS |
||
| 945 | _arcc | ||